Anestesia troncular en estomatología / (Record no. 70544)

MARC details
000 -LEADER
campo de control de longitud fija 00542nam a2200169 i 4500
001 - NÚMERO DE CONTROL
campo de control 70544
003 - IDENTIFICADOR DE NÚMERO DE CONTROL
campo de control ES-MaACL
005 - FECHA Y HORA DE LA ÚLTIMA TRANSACCIÓN
campo de control 20230906170841.0
007 - CAMPO FIJO DE DESCRIPCIÓN FÍSICA--INFORMACIÓN GENERAL
campo de control de longitud fija t|
008 - DATOS DE LONGITUD FIJA--INFORMACIÓN GENERAL
campo de control de longitud fija 040727s1972 sp ||||1| spa d
100 1# - ENTRADA PRINCIPAL--NOMBRE DE PERSONA
Nombre de persona García Vicente, Luis.
9 (RLIN) 55400
245 10 - MENCIÓN DEL TÍTULO
Título Anestesia troncular en estomatología /
Mención de responsabilidad, etc. Luis García Vicente ; prólogo, Gerardo Zabata Rubio.
260 ## - PUBLICACIÓN, DISTRIBUCIÓN, ETC.
Lugar de publicación, distribución, etc. Madrid :
Nombre del editor, distribuidor, etc. Martínez de Murgia,
Fecha de publicación, distribución, etc. [1972]
300 ## - DESCRIPCIÓN FÍSICA
Extensión 126 p., 16 lám. ;
Dimensiones 26 cm.
700 1# - ENTRADA AGREGADA--NOMBRE PERSONAL
Nombre de persona Zabata Rubio, Gerardo.
9 (RLIN) 117807
852 ## - LOCALIZACIÓN
Ubicación ES-MaACL
Número de control de estantería C-43015
Sublocalización o colección R.82176
Holdings
Estatus retirado Estado de pérdida Estado de daño No para préstamo Biblioteca de origen Biblioteca actual Ubicación en estantería Fecha de adquisición Fuente de adquisición Total de préstamos Signatura topográfica completa Código de barras Visto por última vez Precio de reemplazo Tipo de ítem Koha
        Biblioteca del Ateneo de Madrid Biblioteca del Ateneo de Madrid Depósito 2 17/01/2008     C-43015 1073868 23/02/2023 23/02/2023 Libro impreso